[Event "Havana City-ch"]
[Site "Havana"]
[Date "2009.12.21"]
[Round "9"]
[White "Leon Valdes, Jony Wilson"]
[Black "Fernandez Camejo, Jose Angel"]
[Result "1/2-1/2"]
[WhiteElo "2141"]
[BlackElo "2094"]
[PlyCount "124"]
[EventDate "2009.12.13"]
[EventType "swiss"]
[EventRounds "9"]
[EventCountry "CUB"]
[SourceTitle "CBM 134 Extra"]
[Source "ChessBase"]
[SourceDate "2010.03.03"]
[SourceVersion "1"]
[SourceVersionDate "2010.03.03"]
[SourceQuality "1"]

1. e4 d5 2. exd5 Qxd5 3. Nc3 Qd8 4. d4 Nf6 5. Nf3 c6 6. Bc4 Bf5 7. 0-0 e6 8. Bf4 Bd6 9. Ne5 0-0 10. Qe2 Re8 11. Rad1 Nd5 12. Bg3 Nxc3 13. bxc3 Qc7 14. Bb3 Nd7 15. c4 Nxe5 16. Bxe5 Bxe5 17. Qxe5 Qd7 18. h3 h5 19. Rfe1 Rad8 20. c3 Bg6 21. Qc5 b6 22. Qe5 Qd6 23. Qe3 Kf8 24. f4 Bf5 25. Qf3 h4 26. Ba4 Rc8 27. Re5 f6 28. Re2 g6 29. Qf2 Kg7 30. c5 Qc7 31. Bb3 g5 32. fxg5 fxg5 33. Rde1 Qf7 34. Re5 Qf6 35. Qe3 bxc5 36. dxc5 Rcd8 37. Bxe6 Rd3 38. Qe2 Rxe6 39. Rxe6 Qxe6 40. Qxe6 Bxe6 41. Rxe6 Rxc3 42. Rxc6 Ra3 43. Kf2 a5 44. Ra6 Kf7 45. c6 Ke7 46. c7 Kd7 47. Rc6 Rxa2+ 48. Kf3 Kc8 49. Rc5 a4 50. Rxg5 a3 51. Rg4 Ra1 52. Ra4 Kxc7 53. Kg4 Ra2 54. Kxh4 Rxg2 55. Rxa3 Kd6 56. Re3 Rg8 57. Kh5 Kd7 58. h4 Kd6 59. Rh3 Ke6 60. Kh6 Kf5 61. h5 Ra8 62. Rf3+ Kg4 1/2-1/2

[Event "Havana Municipal-ch 12th"]
[Site "Havana"]
[Date "2009.09.28"]
[Round "10"]
[White "Jodar Arias, Marlon"]
[Black "Fernandez Camejo, Jose Angel"]
[Result "1-0"]
[WhiteElo "2120"]
[BlackElo "2094"]
[PlyCount "94"]
[EventDate "2009.09.15"]
[EventType "swiss"]
[EventRounds "11"]
[EventCountry "CUB"]
[EventCategory "1"]
[SourceTitle "EXT 2012"]
[Source "ChessBase"]
[SourceDate "2011.11.24"]
[SourceVersion "1"]
[SourceVersionDate "2011.11.24"]
[SourceQuality "1"]

1. e4 c6 2. d4 d5 3. exd5 cxd5 4. c4 Nf6 5. Nc3 Nc6 6. Bg5 Qb6 7. Nf3 dxc4 8. Bxc4 Bg4 9. 0-0 Bxf3 10. Qxf3 Nxd4 11. Qf4 Rc8 12. b3 Ne6 13. Bb5+ Qxb5 14. Nxb5 Nxf4 15. Bxf4 Nd5 16. Bg3 a6 17. Rad1 e6 18. Nd4 h5 19. h3 g6 20. Be5 Rg8 21. Rfe1 Kd7 22. Nf3 Rc2 23. a4 Bc5 24. Nd4 Bxd4 25. Rxd4 Rgc8 26. g4 hxg4 27. hxg4 Ra2 28. Red1 Rcc2 29. Bg3 Rab2 30. R1d3 Ke7 31. g5 Rc1+ 32. Kg2 Rcb1 33. Re4 Kd7 34. Rf4 Ke8 35. Rff3 Re2 36. Rd4 Rc1 37. Rh4 Rcc2 38. Rh8+ Ke7 39. Rb8 Ne3+ 40. Kh3 Nf5 41. Rxb7+ Kf8 42. Ra7 Rc8 43. Rxa6 Kg7 44. Ra7 e5 45. Ra5 e4 46. Rf4 e3 47. Re5 Rc3 1-0